000 00666nam a2200181Ia 4500
005 20251020182614.0
008 200515s9999 xx 000 0 und d
082 _aSC/691.411/I61
110 _aInternational Institute of Housing Technology
245 0 _aFabricación de bloques de suelo estabilizado con asfalto y emulsiones
260 _aCalifornia
260 _c1972
300 _a69
520 _aDescribe el método de estabilización del adobe secado al sol con el fin de hacerlo impermeable y durable, de tal manera que requiera un mínimo mantenimiento en los años posteriores
650 _aADOBE
650 _aCONSTRUCCIONES EN TIERRA
942 _cLIB
999 _c3454
_d3454